000 00600nam a2200157Ia 4500
008 151213s9999 xx 000 0 und d
020 _a984-08-0171-0
100 _aসৈয়দ আনোয়ারুল হক
245 _aসাহিত্য নারী জীবনের রুপায়ণ।
_cসৈয়দ আনোয়ারুল হক
260 _aঢাকা
_bএকাডেমিক প্রেস।
_c2004
300 _a8468 p.
650 _aBangla
650 _aBengali Literature
700 _aসৈয়দ আনোয়ারুল হক
999 _c4306
_d4306